LEADER 01073nam0-22003611i-450- 001 990002872540403321 010 $a0-387-94803-1 035 $a000287254 035 $aFED01000287254 035 $a(Aleph)000287254FED01 035 $a000287254 100 $a20000920d1996----km-y0itay50------ba 101 0 $aENG 200 1 $aGenetic mapping and DNA sequencing$fedited by Terry Speed, Michael S. Waterman 210 $aNew York$cSpringer Verlag$d1996 215 $ax, 215 p.$d24 cm 225 1 $aIMA volumes in mathematics and its applications$v81 610 0 $aInformatica 610 0 $aInformatica applicata alla statistica 610 0 $aReti neurali 610 0 $aStatistica computazionale$atecniche 676 $a574.87 700 1$aGenetic Mapping$0374206 702 1$aSpeed,$bTerry 702 1$aWaterman,$bMichael S. 801 0$aIT$bUNINA$gRICA$2UNIMARC 901 $aBK 912 $a990002872540403321 952 $aVII-C-77$b4671$fMAS 959 $aMAS 996 $aGenetic mapping and DNA sequencing$9415791 997 $aUNINA DB $aING01 LEADER 01034nam--2200361---450- 001 990000376520203316 010 $a0-948749-42-3 035 $a0037652 035 $aUSA010037652 035 $a(ALEPH)000037652USA01 035 $a0037652 100 $a20010327d1996----km-y0itay0103----ba 101 $aeng 102 $aGB 105 $a||||||||001yy 200 1 $aAdvances in optimization for structural engineering$fedited by B.H.V. Topping 210 $aEdinburgh$cCivil Comp Press$dc1996 215 $aVI, 257 p.$d29 cm 410 $12001 461 1$1001-------$12001 606 0 $aIngegneria strutturale 676 $a624.1 702 1$aTOPPING,$bB.H.V. 801 0$aIT$bsalbc$gISBD 912 $a990000376520203316 951 $a624.1 ADV$b8665 ING$c624.1 959 $aBK 969 $aTEC 979 $aPATTY$b02$c20010327$lUSA01$h1316 979 $c20020403$lUSA01$h1645 979 $aPATRY$b90$c20040406$lUSA01$h1626 996 $aAdvances in optimization for structural engineering$9875214 997 $aUNISA LEADER 01205nam a22003375i 4500 001 991002228929707536 007 cr nn 008mamaa 008 121227s1991 de | s |||| 0|eng d 020 $a9783540463962 035 $ab14141322-39ule_inst 040 $aBibl. Dip.le Aggr. Matematica e Fisica - Sez. Matematica$beng 082 04$a512.55$223 082 04$a512.482$223 084 $aAMS 11H06 084 $aAMS 22-02 084 $aAMS 22A10 100 1 $aBanaszczyk, Wojciech$059914 245 10$aAdditive subgroups of topological vector spaces$h[e-book] /$cby Wojciech Banaszczyk 260 $aBerlin :$bSpringer,$c1991 300 $a1 online resource (vii, 182 p.) 440 0$aLecture Notes in Mathematics,$x0075-8434 ;$v1466 650 0$aMathematics 650 0$aTopological Groups 650 0$aGlobal analysis (Mathematics) 773 0 $aSpringer eBooks 856 40$uhttp://dx.doi.org/10.1007/BFb0089147$zAn electronic book accessible through the World Wide Web 907 $a.b14141322$b03-03-22$c05-09-13 912 $a991002228929707536 996 $aAdditive subgroups of topological vector spaces$978676 997 $aUNISALENTO 998 $ale013$b05-09-13$cm$d@ $e-$feng$gde $h0$i0 LEADER 02901nam 22006612 450 001 9910818833903321 005 20201123142619.0 010 $a1-64189-084-3 010 $a1-64189-916-6 010 $a1-64189-083-5 024 7 $a10.1515/9781641890830 035 $a(CKB)4100000008780952 035 $a(MiAaPQ)EBC5841217 035 $a(DE-B1597)541572 035 $a(OCoLC)1104741803 035 $a(DE-B1597)9781641890830 035 $a(UkCbUP)CR9781641890830 035 $a(EXLCZ)994100000008780952 100 $a20201011d2019|||| uy| 0 101 0 $aeng 135 $aur||||||||||| 181 $ctxt$2rdacontent 182 $cc$2rdamedia 183 $acr$2rdacarrier 200 10$aMedieval Islamic sectarianism /$fChristine D. Baker$b[electronic resource] 210 1$aLeeds :$cArc Humanities Press,$d2019. 215 $a1 online resource (x, 106 pages) $cdigital, PDF file(s) 225 1 $aPast imperfect 300 $aTitle from publisher's bibliographic system (viewed on 20 Nov 2020). 311 0 $a1-64189-082-7 327 $tFront matter --$tContents --$tAcknowledgements and a Note on Transliteration --$tTimeline --$tIntroduction --$tChapter 1. When did Sunnism Become Orthodox? --$tChapter 2. Non-Sunni Islams Before the Tenth Century --$tChapter 3. The Fatimids and Isma'ili Shi'ism in North Africa --$tChapter 4. The Buyids and Shi?ism in Baghdad --$tConclusion: Reactions to the Shi?i Century --$tGlossary of Key Terms --$tFurther Reading 330 $aThis book asks readers to re-examine their view of the Islamic world and the development of sectarianism in the Middle East by shining a light on the complexity and diversity of early Islamic society. While Sunni Islam eventually became politically and numerically dominant, Sunni and Shi?i identities took centuries to develop as independent communities. When modern discussions of sectarianism in the Middle East reduce these identities to a 1400-year war between Sunnis and Shi?is, we create a false narrative. 410 0$aPast imperfect (ARC Humanities Press) 606 $aIslam$zMiddle East$xHistory$yTo 1500 606 $aSunnites$xRelations$xShi??ah 606 $aShi??ah$xRelations$xSunnites 606 $aIslam$xRelations 607 $aMiddle East$xReligion 608 $aHistory.$2fast 610 $aBuyids. 610 $aFatimids. 610 $aHeterodoxy. 610 $aIslam. 610 $aSectarianism. 610 $aShi?ism. 610 $asunni. 615 0$aIslam$xHistory 615 0$aSunnites$xRelations$xShi??ah. 615 0$aShi??ah$xRelations$xSunnites. 615 0$aIslam$xRelations. 676 $a297.804209560902 700 $aBaker$b Christine D.$0282710 801 0$bUkCbUP 801 1$bUkCbUP 906 $aBOOK 912 $a9910818833903321 996 $aMedieval Islamic sectarianism$94125003 997 $aUNINA